|
|
|
|
| LEADER |
00000nam a2200000 a 4500 |
| 001 |
vtls001388218 |
| 003 |
SK-MaSNL |
| 005 |
20260301115727.0 |
| 008 |
251113s1998 RU ab r 0 rus |
| 020 |
|
|
|a 5020094927
|c [300,00]
|
| 035 |
|
|
|a SNK000342439
|
| 040 |
|
|
|a SNK
|b slo
|c SNK
|e AACR2
|
| 044 |
|
|
|a RU
|
| 080 |
|
|
|a 947.6
|2 1981
|
| 080 |
|
|
|a 323.1(091)(476)
|2 1981
|
| 080 |
|
|
|a 908(476)
|2 1981
|
| 245 |
1 |
|
|a Belorusy
|c otvestvennyje redaktory V.K. Bondarčik, R.A. Grigor'jeva, M.F. Pilipenko
|
| 260 |
|
|
|a Moskva
|b Nauka
|c 1998
|
| 300 |
|
|
|a 502 s., [8] s. fareb. obr. príl.
|c 25 cm
|
| 490 |
1 |
|
|a Narody i kul'tury
|
| 650 |
0 |
7 |
|a etnogenéza
|x Bielorusi
|x štúdie
|2 SNK
|9 461179
|
| 650 |
0 |
7 |
|a Bielorusi
|2 SNK
|9 43430
|
| 700 |
1 |
|
|a Bondarčik, V.K.
|4 upr
|9 461180
|
| 700 |
1 |
|
|a Grigor'jeva, R.A.
|4 upr
|9 461181
|
| 700 |
1 |
|
|a Pilipenko, M.F.
|4 upr
|9 461182
|
| 830 |
|
0 |
|a Narody i kul'tury
|9 419021
|
| 919 |
|
|
|a 5-02-009492-7
|
| 999 |
|
|
|c 723328
|d 725258
|
| 952 |
|
|
|t P60, <04>, [BOOK], {604}
|a SNK
|b SNK
|y VYP
|7 0
|p 17A0237653
|o snkIC 128555
|i snkV 753/2000
|0 0
|1 0
|4 0
|d 2000-05-19
|l 0
|r 2005-01-02 00:00:00
|w 2026-02-23
|